[Event "Clusane op 1st"]
[Site "Clusane"]
[Date "2024.03.03"]
[Round "6"]
[White "Martinelli, Valeria"]
[Black "Frescura, Davide"]
[Result "1/2-1/2"]
[WhiteElo "2008"]
[BlackElo "2094"]
[PlyCount "107"]
[EventDate "2024.02.29"]
[EventType "swiss"]
[EventRounds "7"]
[EventCountry "ITA"]
[SourceTitle "CB11_2024"]
[SourceDate "2024.03.13"]
[SourceVersion "1"]
[SourceVersionDate "2024.03.13"]
[SourceQuality "1"]

1. c4 e6 2. g3 d5 3. d4 Nf6 4. Nf3 Bb4+ 5. Bd2 Be7 6. Bg2 0-0 7. 0-0 Nbd7 8. Bg5 h6 9. Bxf6 Nxf6 10. Nbd2 c6 11. Qc2 b6 12. Ne5 Bb7 13. cxd5 cxd5 14. Rac1 Rc8 15. Qa4 Rxc1 16. Rxc1 Qa8 17. Ndf3 Bd6 18. e3 a6 19. Bf1 Rc8 20. Qd1 Kf8 21. Bd3 Rxc1 22. Qxc1 Qc8 23. Qxc8+ Bxc8 24. Kf1 Ke8 25. h4 Ne4 26. Bc2 f6 27. Nd3 g5 28. hxg5 hxg5 29. Ke1 Ke7 30. Nd2 Bb7 31. a3 a5 32. Nc1 Nxd2 33. Kxd2 e5 34. Bd3 e4 35. Bb5 f5 36. Na2 f4 37. gxf4 gxf4 38. Nc3 f3 39. Ke1 Ke6 40. Kf1 Be7 41. Na4 Bd8 42. Nc3 Kd6 43. Kg1 Be7 44. b3 Bc6 45. a4 Kc7 46. Kh2 Bb7 47. Be8 Kd6 48. Nb5+ Ke6 49. Nc7+ Kf6 50. Nb5 Bd8 51. Nc3 Ke7 52. Bb5 Bc7+ 53. Kg1 Bd6 54. Bf1 1/2-1/2

[Event "Clusane op 1st"]
[Site "Clusane"]
[Date "2024.03.02"]
[Round "5"]
[White "Damia, Angelo"]
[Black "Martinelli, Valeria"]
[Result "1-0"]
[WhiteElo "2234"]
[BlackElo "2008"]
[PlyCount "139"]
[EventDate "2024.02.29"]
[EventType "swiss"]
[EventRounds "7"]
[EventCountry "ITA"]
[SourceTitle "CB11_2024"]
[SourceDate "2024.03.13"]
[SourceVersion "1"]
[SourceVersionDate "2024.03.13"]
[SourceQuality "1"]

1. c4 e5 2. e3 Nc6 3. Nc3 Nf6 4. Nf3 g6 5. d4 exd4 6. exd4 d5 7. Bg5 Be7 8. Bxf6 Bxf6 9. cxd5 Ne7 10. Bc4 0-0 11. h3 c6 12. dxc6 Nxc6 13. d5 Re8+ 14. Kf1 Ne7 15. g4 a6 16. a4 Qc7 17. Qd3 Rd8 18. Ne4 Qf4 19. Qe3 Be5 20. Qxf4 Bxf4 21. Rd1 b6 22. Kg2 Bb7 23. d6 Bxe4 24. dxe7 Re8 25. Rd7 Bc6 26. Rd4 Be5 27. Bd5 Bxd4 28. Bxc6 Bc5 29. Rd1 Bxe7 30. Bxa8 Rxa8 31. Rd7 Re8 32. Ne5 f6 33. Nc6 Bc5 34. b4 Re6 35. Rc7 Bf8 36. Kf3 a5 37. b5 Bc5 38. Nxa5 Re5 39. Nc4 Rd5 40. Rc6 Rd3+ 41. Kg2 Rc3 42. Nxb6 Rc2 43. Nd7 Rxf2+ 44. Kg3 Bd4 45. Rd6 Rd2 46. Kf3 f5 47. gxf5 gxf5 48. b6 Rf2+ 49. Kg3 f4+ 50. Kg4 Bxb6 51. Nxb6 f3 52. Kg3 Rf1 53. Rf6 Rb1 54. a5 Ra1 55. Nc4 Ra4 56. Rf4 Kg7 57. Kxf3 Kh6 58. h4 Kh5 59. Ke3 Rb4 60. Kd4 Rb5 61. a6 Rb8 62. a7 Ra8 63. Rf7 h6 64. Nb6 Rd8+ 65. Rd7 Rf8 66. a8Q Rxa8 67. Nxa8 Kxh4 68. Ke4 h5 69. Rg7 Kh3 70. Kf3 1-0

[Event "Clusane op 1st"]
[Site "Clusane"]
[Date "2024.03.01"]
[Round "3"]
[White "Martinelli, Valeria"]
[Black "Verga, Francesco"]
[Result "1-0"]
[WhiteElo "2008"]
[BlackElo "1976"]
[PlyCount "83"]
[EventDate "2024.02.29"]
[EventType "swiss"]
[EventRounds "7"]
[EventCountry "ITA"]
[SourceTitle "CB11_2024"]
[SourceDate "2024.03.13"]
[SourceVersion "1"]
[SourceVersionDate "2024.03.13"]
[SourceQuality "1"]

1. c4 e5 2. Nc3 Nc6 3. g3 g6 4. Bg2 Bg7 5. e3 d6 6. Nge2 h5 7. h4 Bg4 8. Rb1 Nf6 9. b4 Qd7 10. d3 0-0 11. Nd5 Rfe8 12. Qc2 Nd8 13. Nec3 c6 14. Nxf6+ Bxf6 15. b5 Bg7 16. a4 Rc8 17. Qb3 Bf5 18. e4 Bg4 19. a5 Ne6 20. f3 Nd4 21. Qd1 Be6 22. Be3 Qd8 23. a6 bxa6 24. bxc6 Rxc6 25. 0-0 Qa5 26. Bxd4 exd4 27. Qa4 Qc7 28. Nd5 Bxd5 29. cxd5 Rc2 30. Qxe8+ Kh7 31. Qa4 Qc3 32. Rfd1 Re2 33. Qb4 Qc2 34. Bf1 Rh2 35. Qe1 Bh6 36. f4 a5 37. Rb7 Kg7 38. Rc1 Qa2 39. Rcc7 Rd2 40. Rxa7 Rb2 41. Rxf7+ Kg8 42. Rfb7 1-0

[Event "ITA-ch (Women) 82nd"]
[Site "Brescia"]
[Date "2023.12.06"]
[Round "4"]
[White "Sedina, Elena"]
[Black "Martinelli, Valeria"]
[Result "1-0"]
[WhiteElo "2160"]
[BlackElo "1967"]
[PlyCount "73"]
[EventDate "2023.12.03"]
[EventType "tourn"]
[EventRounds "7"]
[EventCountry "ITA"]
[SourceTitle "CB50_2023"]
[SourceDate "2023.12.13"]
[SourceVersion "1"]
[SourceVersionDate "2023.12.13"]
[SourceQuality "1"]

1. e4 e5 2. Bc4 Nc6 3. Nf3 Nf6 4. d3 Bc5 5. a4 a5 6. Nc3 d6 7. h3 h6 8. Be3 Ba7 9. Qd2 Be6 10. Bb5 0-0 11. Bxc6 bxc6 12. Bxa7 Rxa7 13. d4 exd4 14. Nxd4 Bd7 15. 0-0 Rb7 16. Rfe1 Re8 17. Re3 d5 18. e5 Nh7 19. Nb3 Bf5 20. g4 Bc8 21. Nxa5 Rxb2 22. Nxc6 Qh4 23. Nxd5 Bb7 24. Nde7+ Kf8 25. Nf5 Qg5 26. Qc3 Rb6 27. Qc5+ Kg8 28. Nfe7+ Kh8 29. a5 Rb2 30. Qc3 Rb5 31. a6 Ba8 32. Qc4 Rb2 33. f4 Rxc2 34. Qxc2 Qxf4 35. Qf2 Qg5 36. Rd1 h5 37. Rg3 1-0

[Event "ITA-ch (Women) 82nd"]
[Site "Brescia"]
[Date "2023.12.04"]
[Round "2"]
[White "Martinelli, Valeria"]
[Black "Zimina, Olga"]
[Result "0-1"]
[WhiteElo "1967"]
[BlackElo "2276"]
[PlyCount "116"]
[EventDate "2023.12.03"]
[EventType "tourn"]
[EventRounds "7"]
[EventCountry "ITA"]
[SourceTitle "CB50_2023"]
[SourceDate "2023.12.13"]
[SourceVersion "1"]
[SourceVersionDate "2023.12.13"]
[SourceQuality "1"]

1. e4 c6 2. d4 d5 3. exd5 cxd5 4. Bd3 Nc6 5. c3 Qc7 6. Nf3 Bg4 7. Be3 e6 8. Nbd2 Nf6 9. 0-0 Bd6 10. h3 Bh5 11. Qc2 Bg6 12. Bxg6 hxg6 13. Rfe1 0-0 14. Nf1 b5 15. Rac1 Rfc8 16. Ng5 Ne7 17. Qe2 Qc4 18. Bd2 Qxe2 19. Rxe2 Nc6 20. g3 a5 21. Ne3 b4 22. Rf1 bxc3 23. Bxc3 Bb4 24. Rc2 Bxc3 25. bxc3 Rab8 26. Rd1 a4 27. Kf1 Na5 28. Ke2 Ne8 29. f4 Nd6 30. g4 Re8 31. Kd3 f6 32. Nf3 Rec8 33. Nd2 Nc6 34. Rf1 Kf7 35. f5 Rh8 36. fxe6+ Kxe6 37. Rf3 Rh7 38. a3 Rbh8 39. Nxd5 Kxd5 40. c4+ Ke6 41. d5+ Kd7 42. dxc6+ Kxc6 43. c5 Nb7 44. Ne4 Rxh3 45. Rcf2 Nxc5+ 46. Nxc5 Kxc5 47. Ke4 Re8+ 48. Kf4 Rxf3+ 49. Rxf3 Kd4 50. Rf1 Re4+ 51. Kg3 Re3+ 52. Kh4 Rxa3 53. g5 Ke5 54. Re1+ Kf5 55. Rf1+ Ke6 56. Rf4 Ra1 57. Rb4 a3 58. Rb6+ Ke5 0-1

[Event "EU-Cup (Women) 27th"]
[Site "Durres"]
[Date "2023.10.01"]
[Round "1.4"]
[White "Martinelli, Valeria"]
[Black "Efroimski, Marsel"]
[Result "0-1"]
[WhiteElo "2008"]
[BlackElo "2447"]
[PlyCount "63"]
[EventDate "2023.10.01"]
[EventType "team-swiss"]
[EventRounds "7"]
[EventCountry "ALB"]
[SourceTitle "EXT 2024"]
[Source "ChessBase"]
[SourceDate "2023.10.10"]
[SourceVersion "1"]
[SourceVersionDate "2023.10.10"]
[SourceQuality "1"]
[WhiteTeam "Pedone Isolano (W)"]
[BlackTeam "Superchess"]
[WhiteTeamCountry "ITA"]
[BlackTeamCountry "ROU"]

1. e4 e6 2. d4 d5 3. Nc3 Nf6 4. e5 Nfd7 5. Nce2 c5 6. c3 Nc6 7. f4 Be7 8. Nf3 0-0 9. g3 b5 10. Bd2 Nb6 11. b3 b4 12. cxb4 cxb4 13. Nc1 Nd7 14. Nd3 Qb6 15. Be3 f6 16. Bh3 Kh8 17. Bxe6 Ndxe5 18. Bxd5 Ng4 19. Qd2 Bb7 20. 0-0 Rad8 21. Bxc6 Bxc6 22. Rae1 Bb5 23. h3 Nh6 24. Bf2 Qb7 25. Be3 Nf5 26. Kh2 Qe4 27. g4 Qxd3 28. gxf5 Qxd2+ 29. Bxd2 Bxf1 30. Rxe7 a5 31. Kg3 Bd3 32. Ra7 0-1

[Event "ITA-chT (Women)"]
[Site "Bacoli"]
[Date "2023.04.30"]
[Round "5.3"]
[White "Martinelli, Valeria"]
[Black "Costantino, Gaia"]
[Result "1-0"]
[WhiteElo "1992"]
[BlackElo "1515"]
[PlyCount "49"]
[EventDate "2023.04.25"]
[EventType "team-tourn"]
[EventRounds "7"]
[EventCountry "ITA"]
[SourceTitle "CBM 214 Extra"]
[Source "ChessBase"]
[SourceDate "2023.07.31"]
[SourceVersion "1"]
[SourceVersionDate "2023.07.31"]
[SourceQuality "1"]

1. d4 d5 2. Nf3 Nf6 3. g3 Bf5 4. Bg2 e6 5. c4 c5 6. Qa4+ Nc6 7. Ne5 Qa5+ 8. Qxa5 Nxa5 9. cxd5 Nxd5 10. e4 Nb4 11. exf5 Nc2+ 12. Kd1 Nxa1 13. fxe6 fxe6 14. Bd2 N1b3 15. axb3 Nxb3 16. Bxb7 Rb8 17. Bc6+ Ke7 18. Bg5+ Kd6 19. Ba4 Kc7 20. Nf7 Rg8 21. Bf4+ Kc8 22. Bxb8 Kxb8 23. Bxb3 Be7 24. dxc5 Bxc5 25. f4 1-0

[Event "ITA-ch (Women) 81st"]
[Site "Cagliari"]
[Date "2022.11.21"]
[Round "5"]
[White "Sedina, Elena"]
[Black "Martinelli, Valeria"]
[Result "0-1"]
[WhiteElo "2197"]
[BlackElo "2008"]
[PlyCount "56"]
[EventDate "2022.11.17"]
[EventType "tourn"]
[EventRounds "7"]
[EventCountry "ITA"]
[SourceTitle "CBM 211 Extra"]
[Source "ChessBase"]
[SourceDate "2023.01.31"]
[SourceVersion "1"]
[SourceVersionDate "2023.01.31"]
[SourceQuality "1"]

1. e4 e5 2. Nf3 Nf6 3. d4 Nxe4 4. Bd3 d5 5. Nxe5 Nd7 6. Nc3 Nxe5 7. dxe5 Nxc3 8. bxc3 Qe7 9. 0-0 Bd7 10. a4 Qe6 11. Be3 Be7 12. f4 f5 13. Be2 c5 14. Bf3 Bc6 15. Rf2 0-0-0 16. Rd2 h6 17. g4 g6 18. h3 Rhg8 19. Kh2 h5 20. gxf5 gxf5 21. Qf1 Bh4 22. Rg2 d4 23. cxd4 cxd4 24. Bd2 Rxg2+ 25. Qxg2 Rg8 26. Qe2 Qg6 27. Bxc6 Bg3+ 28. Kg1 Bf2+ 0-1

[Event "ITA-ch sf 81st"]
[Site "Acqui Terme"]
[Date "2022.06.18"]
[Round "8"]
[White "Martinelli, Valeria"]
[Black "Paduano, Claudio"]
[Result "1-0"]
[WhiteElo "1908"]
[BlackElo "2138"]
[PlyCount "157"]
[EventDate "2022.06.12"]
[EventType "swiss"]
[EventRounds "9"]
[EventCountry "ITA"]
[SourceTitle "CBM 208 Extra"]
[Source "ChessBase"]
[SourceDate "2022.07.31"]
[SourceVersion "1"]
[SourceVersionDate "2022.07.31"]
[SourceQuality "1"]

1. e4 c5 2. Nf3 Nc6 3. d4 cxd4 4. Nxd4 Nf6 5. Nc3 e5 6. Ndb5 d6 7. Nd5 Nxd5 8. exd5 Nb8 9. c4 Be7 10. Bd3 a6 11. Nc3 0-0 12. 0-0 f5 13. f3 Bg5 14. Kh1 Nd7 15. b4 a5 16. Nb5 Bxc1 17. Rxc1 axb4 18. Nxd6 Nc5 19. Nxc8 Rxc8 20. Bc2 Qd6 21. Qd2 Na6 22. Bb3 b6 23. Rce1 Rf6 24. Rf2 Re8 25. Rfe2 Rh6 26. h3 Rf6 27. Kg1 Re7 28. Qb2 Nc5 29. Bc2 e4 30. fxe4 fxe4 31. Bxe4 Ref7 32. Qc2 g6 33. Re3 Rf4 34. Bf3 Kg7 35. Qb2+ Kh6 36. Qd2 Kg7 37. Qb2+ R4f6 38. Bg4 h5 39. Be6 Rf8 40. Rf1 Na4 41. Qd4 Qc5 42. Rd1 Qxd4 43. Rxd4 Nc5 44. Re2 Rd8 45. Rdd2 Rf4 46. Rc2 Rd6 47. Rf2 Rd4 48. Rf7+ Kh6 49. Rf1 Ne4 50. Rb1 Kg5 51. g4 h4 52. Rxb4 Rd8 53. Rb1 Rd3 54. Rb3 Rd1+ 55. Kg2 Rf8 56. Re3 Nc5 57. Re5+ Kh6 58. g5+ Kg7 59. Bg4 Rd3 60. Rce2 Rg3+ 61. Kh2 Ra3 62. Re7+ Kg8 63. Be6+ Kh8 64. Rf7 Rfa8 65. Rf4 Rxa2 66. Rxh4+ Kg7 67. Rxa2 Rxa2+ 68. Kg1 Re2 69. Rd4 Re5 70. Bg4 Kf7 71. d6 Nb7 72. Rf4+ Kg7 73. d7 Rxg5 74. Re4 Rc5 75. Re8 Rxc4 76. Rb8 Rc1+ 77. Kf2 Rc2+ 78. Ke1 Rc7 79. Rxb7 1-0

[Event "ITA-ch sf 81st"]
[Site "Acqui Terme"]
[Date "2022.06.15"]
[Round "5"]
[White "Franciosi, Fausto"]
[Black "Martinelli, Valeria"]
[Result "1-0"]
[WhiteElo "2204"]
[BlackElo "1908"]
[PlyCount "73"]
[EventDate "2022.06.12"]
[EventType "swiss"]
[EventRounds "9"]
[EventCountry "ITA"]
[SourceTitle "CBM 208 Extra"]
[Source "ChessBase"]
[SourceDate "2022.07.31"]
[SourceVersion "1"]
[SourceVersionDate "2022.07.31"]
[SourceQuality "1"]

1. d4 Nf6 2. Nf3 g6 3. c4 Bg7 4. e3 0-0 5. Be2 d5 6. cxd5 Nxd5 7. e4 Nb6 8. 0-0 Bg4 9. Nbd2 e5 10. dxe5 Nc6 11. h3 Be6 12. Qc2 Nxe5 13. Nxe5 Bxe5 14. Nf3 Bg7 15. Rd1 Qc8 16. Bf4 c6 17. Ng5 h6 18. Nxe6 Qxe6 19. Rd6 Qe7 20. Rad1 Rfe8 21. Bf3 Be5 22. Bxe5 Qxe5 23. a4 Re7 24. R6d4 Rae8 25. g3 Qc7 26. Bg2 c5 27. Rd6 Re6 28. R6d3 a5 29. f4 R6e7 30. e5 Nc8 31. b3 Na7 32. Rd6 Nc8 33. R6d5 b6 34. Qc4 Na7 35. Rd6 Re6 36. Rd7 Qb8 37. Rb7 1-0

[Event "ITA-ch sf 81st"]
[Site "Acqui Terme"]
[Date "2022.06.12"]
[Round "1"]
[White "Hercegovac, Neven"]
[Black "Martinelli, Valeria"]
[Result "1-0"]
[WhiteElo "2187"]
[BlackElo "1908"]
[PlyCount "55"]
[EventDate "2022.06.12"]
[EventType "swiss"]
[EventRounds "9"]
[EventCountry "ITA"]
[SourceTitle "CBM 208 Extra"]
[Source "ChessBase"]
[SourceDate "2022.07.31"]
[SourceVersion "1"]
[SourceVersionDate "2022.07.31"]
[SourceQuality "1"]

1. e4 e5 2. Nf3 Nc6 3. Bc4 Bc5 4. c3 Nf6 5. d3 h6 6. Nbd2 d6 7. Nf1 0-0 8. Ng3 Ne7 9. 0-0 Ng6 10. Bb3 c6 11. Re1 Re8 12. d4 exd4 13. cxd4 Bb6 14. h3 Be6 15. Bc2 Nh7 16. Be3 Rc8 17. Qe2 Bd7 18. Rad1 Qe7 19. Qd3 c5 20. dxc5 Bxc5 21. Bxc5 Rxc5 22. Bb3 Nf6 23. Qxd6 Qxd6 24. Rxd6 Bc6 25. Nd4 Ne5 26. Nxc6 Rxc6 27. Nf5 Rec8 28. Ne7+ 1-0

[Event "Montesilvano Adriatico op 22nd"]
[Site "Montesilvano"]
[Date "2021.06.04"]
[Round "1"]
[White "Solomon, Kenny"]
[Black "Martinelli, Valeria"]
[Result "1-0"]
[WhiteElo "2344"]
[BlackElo "1937"]
[PlyCount "187"]
[EventDate "2021.06.04"]
[EventType "swiss"]
[EventRounds "5"]
[EventCountry "ITA"]
[SourceTitle "CBM 202 Extra"]
[Source "ChessBase"]
[SourceDate "2021.07.31"]
[SourceVersion "1"]
[SourceVersionDate "2021.07.31"]
[SourceQuality "1"]

1. d4 Nf6 2. c4 g6 3. Nc3 d5 4. cxd5 Nxd5 5. Nf3 Bg7 6. e4 Nxc3 7. bxc3 c5 8. Be3 Nc6 9. Qd2 cxd4 10. cxd4 Bg4 11. Bb5 Bxf3 12. gxf3 0-0 13. Bxc6 bxc6 14. Rc1 Qd7 15. h4 h5 16. Rg1 Rab8 17. f4 e6 18. Rg5 Rb5 19. a4 Rxg5 20. hxg5 Rb8 21. Ke2 Rb3 22. Qc2 Rb4 23. e5 Qd5 24. Qxc6 Qxc6 25. Rxc6 Rxa4 26. Rc8+ Kh7 27. Rc7 Kg8 28. Rc8+ Kh7 29. Ra8 Ra1 30. Kf3 Rg1 31. Rxa7 h4 32. f5 h3 33. Bf4 gxf5 34. Rxf7 Rg4 35. Rb7 Kg6 36. Rb1 Bf8 37. Rh1 Rh4 38. Kg3 Rg4+ 39. Kf3 Rh4 40. Rd1 Be7 41. Bg3 Rh8 42. Bf4 Rh4 43. Bg3 Rh8 44. Bh2 Rd8 45. Kg3 Kxg5 46. f4+ Kh5 47. Kxh3 Bc5 48. Bg1 Ba7 49. Bf2 Bb6 50. Kg3 Rd5 51. Kf3 Kg6 52. Ke3 Kh5 53. Kf3 Kg6 54. Rd2 Ba7 55. Be3 Bb6 56. Rd1 Ba7 57. Ke2 Bb6 58. Kd3 Rd7 59. Kc4 Kh5 60. Rg1 Bd8 61. Rg8 Bh4 62. Kd3 Rc7 63. Re8 Be7 64. Rg8 Kh6 65. Bd2 Kh7 66. Rg2 Bf8 67. Be3 Bg7 68. Ra2 Kg6 69. Ra6 Kf7 70. Bd2 Bf8 71. d5 Rd7 72. d6 Kg6 73. Be3 Kh5 74. Ra8 Bxd6 75. exd6 Rxd6+ 76. Ke2 Rc6 77. Rg8 Kh6 78. Bd4 Rd6 79. Be5 Ra6 80. Kf1 Ra7 81. Re8 Ra6 82. Rd8 Kg6 83. Rd6 Ra2 84. Rxe6+ Kh5 85. Rd6 Kg4 86. Rd3 Rc2 87. Ke1 Rh2 88. Rd2 Rh1+ 89. Kf2 Rh2+ 90. Ke3 Rh3+ 91. Kd4 Rh7 92. Kd5 Kf3 93. Ke6 Rh5 94. Kf6 1-0

[Event "Fermo op 6th"]
[Site "Fermo"]
[Date "2021.04.23"]
[Round "1"]
[White "Damia, Angelo"]
[Black "Martinelli, Valeria"]
[Result "1-0"]
[WhiteElo "2275"]
[BlackElo "1970"]
[PlyCount "109"]
[EventDate "2021.04.23"]
[EventType "swiss"]
[EventRounds "5"]
[EventCountry "ITA"]
[SourceTitle "EXT 2022"]
[Source "ChessBase"]
[SourceDate "2021.10.06"]
[SourceVersion "1"]
[SourceVersionDate "2021.10.06"]
[SourceQuality "1"]

1. e4 e5 2. Nc3 Nf6 3. a3 Bc5 4. Nf3 d5 5. exd5 Nxd5 6. Ne4 Bb6 7. c4 Nf6 8. Qc2 Bd4 9. Nxd4 Nxe4 10. Qxe4 Qxd4 11. Qxd4 exd4 12. b4 0-0 13. Bb2 Re8+ 14. Kd1 Nc6 15. Be2 Bf5 16. d3 Ne5 17. Kd2 Rad8 18. h3 h6 19. f4 Ng6 20. Rhf1 b6 21. b5 Bc8 22. a4 Nh4 23. Rf2 Bb7 24. g3 Nf5 25. Bf3 Bxf3 26. Rxf3 Re3 27. Rxe3 dxe3+ 28. Ke2 Nxg3+ 29. Kxe3 Nf5+ 30. Kd2 Nd4 31. Bxd4 Rxd4 32. a5 Rd7 33. Kc3 Kf8 34. Re1 Re7 35. Rxe7 Kxe7 36. axb6 axb6 37. Kd4 Kd6 38. Ke4 g6 39. d4 Ke6 40. h4 f6 41. Ke3 Kd6 42. Ke4 Ke6 43. Kf3 Kd6 44. Kg4 Ke6 45. Kg3 Kd6 46. Kf3 Ke6 47. Ke3 Kd6 48. Ke4 Ke6 49. f5+ gxf5+ 50. Ke3 Kd6 51. Kf4 Ke6 52. h5 Kd6 53. Kxf5 Ke7 54. Kg6 Ke6 55. Kxh6 1-0

[Event "Montesilvano Easter op 6th"]
[Site "Montesilvano"]
[Date "2021.04.02"]
[Round "1"]
[White "Martinelli, Valeria"]
[Black "Aghayev, Miragha"]
[Result "0-1"]
[WhiteElo "1970"]
[BlackElo "2392"]
[PlyCount "50"]
[EventDate "2021.04.02"]
[EventType "swiss"]
[EventRounds "6"]
[EventCountry "ITA"]
[SourceTitle "CBM 201 Extra"]
[Source "ChessBase"]
[SourceDate "2021.05.31"]
[SourceVersion "1"]
[SourceVersionDate "2021.05.31"]
[SourceQuality "1"]

1. e4 c5 2. Nf3 d6 3. d4 cxd4 4. Nxd4 Nf6 5. Nc3 a6 6. Bc4 e6 7. Be3 b5 8. Bd3 Bb7 9. a3 Nbd7 10. Nb3 Be7 11. f4 Nc5 12. 0-0 Ncxe4 13. Bxe4 Nxe4 14. Qf3 Nc5 15. Qg4 Nxb3 16. cxb3 Bf6 17. f5 Qe7 18. Rfe1 0-0 19. Bh6 Kh8 20. Bf4 Rfe8 21. Rad1 Rad8 22. Rd3 Be5 23. f6 Qxf6 24. Bc1 Qg6 25. Qh3 Bxg2 0-1

[Event "Porto San Giorgio op"]
[Site "Porto San Giorgio"]
[Date "2020.08.26"]
[Round "5"]
[White "Martinelli, Valeria"]
[Black "Pallante, Simone"]
[Result "1-0"]
[WhiteElo "1826"]
[BlackElo "1857"]
[PlyCount "71"]
[EventDate "2020.08.22"]
[EventType "swiss"]
[EventRounds "7"]
[EventCountry "ITA"]
[SourceTitle "CBM 198 Extra"]
[Source "ChessBase"]
[SourceDate "2020.11.30"]
[SourceVersion "1"]
[SourceVersionDate "2020.11.30"]
[SourceQuality "1"]

1. e4 d5 2. exd5 Nf6 3. d4 Bg4 4. f3 Bf5 5. Bb5+ Nbd7 6. Nc3 e6 7. dxe6 fxe6 8. Nge2 c6 9. Bd3 Bxd3 10. Qxd3 Bd6 11. Ne4 Bc7 12. Qb3 0-0 13. Qxe6+ Kh8 14. Ng5 Qe8 15. 0-0 Qh5 16. Qh3 Qxh3 17. Nxh3 Rae8 18. Nc3 b5 19. Bf4 Bb6 20. Rad1 b4 21. Na4 Nd5 22. Nxb6 N7xb6 23. Rfe1 h6 24. Bd6 Rxe1+ 25. Rxe1 Rd8 26. Bc5 Nc4 27. b3 Na3 28. Re2 Nc3 29. Re7 Nxc2 30. Rxa7 Ne2+ 31. Kf2 Nexd4 32. Nf4 Nb5 33. Rf7 Kg8 34. Rxg7+ Kh8 35. Rg6 Ra8 36. Be7 1-0

[Event "ITA-ch U16"]
[Site "Salsomaggiore Terme"]
[Date "2019.07.14"]
[Round "9"]
[White "Maione, Melissa"]
[Black "Martinelli, Valeria"]
[Result "1-0"]
[WhiteElo "1914"]
[BlackElo "1614"]
[PlyCount "39"]
[EventDate "2019.07.07"]
[EventType "swiss"]
[EventRounds "9"]
[EventCountry "ITA"]
[SourceTitle "EXT 2020"]
[Source "ChessBase"]
[SourceDate "2019.10.17"]
[SourceVersion "1"]
[SourceVersionDate "2019.10.17"]
[SourceQuality "1"]

1. e4 e5 2. Nf3 Nc6 3. Bb5 Nf6 4. d3 Bc5 5. 0-0 0-0 6. c3 d6 7. h3 h6 8. Re1 a6 9. Ba4 Re8 10. Nbd2 b5 11. Bc2 Bb7 12. Nf1 Nb8 13. Ng3 Nbd7 14. Nf5 Kh7 15. g4 Nf8 16. g5 Ng8 17. gxh6 gxh6 18. N3h4 Ng6 19. Qh5 Nxh4 20. Qxf7+ 1-0

[Event "ITA-ch U16"]
[Site "Salsomaggiore Terme"]
[Date "2019.07.10"]
[Round "5"]
[White "Gabbani, Sara"]
[Black "Martinelli, Valeria"]
[Result "1/2-1/2"]
[WhiteElo "1856"]
[BlackElo "1614"]
[PlyCount "101"]
[EventDate "2019.07.07"]
[EventType "swiss"]
[EventRounds "9"]
[EventCountry "ITA"]
[SourceTitle "EXT 2020"]
[Source "ChessBase"]
[SourceDate "2019.10.17"]
[SourceVersion "1"]
[SourceVersionDate "2019.10.17"]
[SourceQuality "1"]

1. d4 Nf6 2. Bf4 g6 3. Nc3 d5 4. Nf3 Bg7 5. e3 0-0 6. Be2 a6 7. Ne5 Nbd7 8. h4 h5 9. f3 Nxe5 10. Bxe5 Nd7 11. Bxg7 Kxg7 12. Nxd5 f5 13. Nf4 Nf6 14. Bc4 Qd6 15. Qd2 e5 16. dxe5 Qxe5 17. 0-0-0 Re8 18. Rhe1 a5 19. Qd4 b5 20. Bd5 Ra6 21. Qxe5 Rxe5 22. a3 Bd7 23. Ba2 b4 24. Nd5 Nxd5 25. Rxd5 Rxd5 26. Bxd5 Be6 27. Rd1 Kf6 28. e4 Bxd5 29. exd5 Ke5 30. c4 bxc3 31. bxc3 Kf4 32. c4 Kg3 33. c5 Kxg2 34. d6 cxd6 35. cxd6 Rc6+ 36. Kb2 Rc8 37. d7 Rd8 38. Rd3 Kg3 39. Kc2 Kxh4 40. Kd2 Kg3 41. Ke2 h4 42. Kf1 g5 43. Kg1 Kf4 44. Kg2 Ke5 45. Rd1 Ke6 46. Re1+ Kd5 47. Rd1+ Ke6 48. Re1+ Kf6 49. Rd1 g4 50. Rd2 Kg5 51. Rd4 1/2-1/2